000 00356nam a2200133Ia 4500
008 231221s9999 xx 000 0 und d
020 _a978-0-387-77216-5
041 _aEnglish
100 _aKhaldoun Agha, Xavier Carcelle, Guy Pujolle
245 0 _aHome Networking
260 _c2008
_bSpringer US
_aNew York
650 _aComputer Science
942 _cEB
999 _c218288
_d218288